000 02274cam a22005054i 4500
003 PE-LiUPU
005 20250731173356.0
008 150706s2001 flu r 000 0 spa d
020 _a082973550X
020 _a9780829735505
035 _a(Sirsi) i9780829735505
040 _aPE-LiUPU
_bspa
_cPE-LiUPU
_erda
049 _aPRUA
082 0 4 _a232.904
_bS92
_221
100 1 _aStevens, David,
_d1951-,
_eautor.
245 1 0 _aJesús el médico /
_cDavid Stevens.
264 1 _aMiami :
_bEditorial VIDA,
_c2001.
300 _a283 páginas ;
_c21 centímetros
336 _atext
_2rdacontent
337 _aunmediated
_2rdamedia
338 _avolume
_2rdacarrier
505 0 _aDomingo de Panga -- El Gran Médico ronda con su médico jefe -- El Gran Médico estableció su propio programa de resistencia -- El Gran Médico fue un proveedor preferido -- El Gran Médico entendió el poder del toque -- El Gran Médico se ofrecía voluntariamente cuando lo llamaban -- El Gran Médico no exigía una cita -- El Gran Médico diagnosticaba de manera excelente -- El Gran Médico practicó la compasión -- El Gran Médico sabía cómo desinfectarse adecuadamente -- El Gran Médico abogó por un único plan de salvación -- El Gran Médico se especializó en casos imposibles.
526 _aSEG42
526 _aSEG41
526 _aSEG40
526 _aSEG39
526 _aP94
526 _aP87
526 _aP86
526 _aP85
526 _aP77
526 _aP76
526 _aP35
541 _g001-0000483;
600 1 _aJesucristo
650 0 4 _aMédicos
_xVida religiosa.
650 0 4 _aMisioneros médicos
_xVida religiosa.
910 _agl
_bjv
_cng
_d20101103
910 _adbm
_bncf
_cncf
_d20190528
942 _2ddc
_cBOOK
949 _a232.904 S92
_wDEWEY
_c1
_i62243
_d2015-11-22
_e2015-11-19
_lCCODEBUL1
_mBUL
_n1
_p13.00
_r0
_sY
_tBOOK
_u2015-7-6
_xTEOLOGIA
_PP22
_0COMPRA
_o.STAFF. Colección Teología
994 _aC0
_bPEPRU
596 _a1
999 _a232.904 S92
_wDEWEY
_c51323
_i62243
_d51323
_e2019-10-28
_f2021-11-10
_g5
_lCCODEBUL1
_mBUL
_n13
_p13.00
_q3
_r0
_sY
_tBOOK
_u2015-7-6
_xTEOLOGIA
_PP35
_0COMPRA
_o.STAFF. Colección Teología
980 _81
_gALBERTO SANCHEZ Responsable de Automatización